000 00832nab a2200241 u 4500
001 10309
003 HDC
007 cr bn ---aaaaa
008 210204c9999 |r|nos 0 a eng d
040 _aHDC
110 _aEIN Presswire
245 0 _aDairiConcepts' New Amplifi (TM) Ingredients Database Helps Speed Up Formulation Process
260 _a[no place] :
_b[publisher not identified],
_c[no year]
336 _atext
_2rdacontent
337 _acomputer
_2rdamedia
338 _aonline resource
_2rdacarrier
650 _aAmplifi ingredients
_910536
650 _aDairiConcepts'
_910535
856 _zRequest full-text at [email protected]
942 _2lcc
942 _cNEWS
942 _kNWSO 000147
999 _c7632
_d7632